[Event "74.Camp. Veneto Quarti di Finale"]
[Site "Correzzola (PD)"]
[Date "2014.05.11"]
[Round "4.16"]
[White "Penzo, Amleto"]
[Black "Scarsella, Lorenzo Luigi"]
[Result "1/2-1/2"]
[WhiteElo "1774"]
[BlackElo "1602"]
[Annotator "Gabriele Ballarin"]
[PlyCount "105"]
[EventDate "2014.05.09"]
[EventType "swiss"]
[EventRounds "5"]
[EventCountry "ITA"]

1. d4 d5 2. Nf3 Nf6 3. e3 e6 4. Bd3 c5 5. b3 Nbd7 6. Bb2 Bd6 7. O-O O-O 8. Ne5 b6 9. f4 Bb7 10. Nd2 Ne4 11. Nxd7 Qxd7 12. Nf3 cxd4 13. Bxd4 f6 14. Bb2 Rad8 15. Qe2 Qe7 16. Nd4 Bc5 17. a4 a5 18. f5 exf5 19. Nxf5 Qc7 20. Nd4 Rde8 21. Nb5 Qe7 22. Rae1 Nd6 23. Bd4 Ne4 24. Bxe4 dxe4 25. Bxc5 Qxc5 26. Nd4 Re5 27. Qg4 Bc8 28. Qg3 Rg5 29. Qh4 Re8 30. Rf4 Qc3 31. Qf2 Rd8 $11 32. g3 Re8 33. h4 Rg4 34. Rf1 Kf7 35. Rxf6+ Ke7 36. Rxb6 Qc5 37. Qf7+ Kd8 38. Nc6+ Qxc6 39. Rxc6 Rxg3+ 40. Kf2 Rf3+ 41. Qxf3 exf3 42. Kxf3 Bb7 43. Ke2 Bxc6 44. Rf7 Re7 45. Rf5 Ra7 46. Rg5 Be8 47. Kd2 g6 48. Kc3 Rc7+ 49. Kd2 Ra7 50. Re5 Kd7 51. Kc3 Bf7 52. Kd4 Kd6 53. c4 $11 1/2-1/2

[Event "74.Camp. Veneto Quarti di Finale"]
[Site "Correzzola (PD)"]
[Date "2014.05.10"]
[Round "4.17"]
[White "Scarsella, Federico Armando"]
[Black "Levin, Nikolai"]
[Result "0-1"]
[WhiteElo "1718"]
[BlackElo "1464"]
[Annotator "Gabriele Ballarin"]
[PlyCount "68"]
[EventDate "2014.05.09"]
[EventType "swiss"]
[EventRounds "5"]
[EventCountry "ITA"]

1. Nf3 Nf6 2. d4 g6 3. b3 Bg7 4. Bb2 O-O 5. e3 d6 6. Bd3 Nd5 7. a3 c5 8. c4 Nc7 9. Qc2 a6 10. Nbd2 b5 11. h4 cxd4 12. Nxd4 Bb7 13. f3 Nc6 14. h5 Nxd4 15. Bxd4 e5 16. Bb2 bxc4 17. Nxc4 Ne6 18. hxg6 fxg6 19. Rd1 Rc8 20. Qb1 Qg5 21. Kf2 Qg4 22. Rh3 Rxf3+ 23. Rxf3 Ng5 24. Be2 Bxf3 25. gxf3 Qh4+ 26. Kf1 Qg3 27. Rd2 e4 28. Bd1 exf3 29. Bxg7 Nh3 30. Bxf3 Qxf3+ 31. Ke1 Qh1+ 32. Ke2 Qxb1 33. Bf6 Rf8 34. Bh4 Qf1# 0-1

[Event "74.Camp. Veneto Quarti di Finale"]
[Site "Correzzola (PD)"]
[Date "2014.05.11"]
[Round "4.18"]
[White "Benetti, Lorenzo"]
[Black "Belloni, Umberto"]
[Result "0-1"]
[WhiteElo "1686"]
[BlackElo "1781"]
[Annotator "Gabriele Ballarin"]
[PlyCount "118"]
[EventDate "2014.05.09"]
[EventType "swiss"]
[EventRounds "5"]
[EventCountry "ITA"]

1. d4 d5 2. c4 c6 3. cxd5 cxd5 4. Nc3 e6 5. Bf4 Bd6 6. Bxd6 Qxd6 7. e3 Bd7 8. Bd3 f5 9. f4 Nf6 10. Nf3 O-O 11. O-O Nc6 12. Rc1 Ne4 13. Ne5 Nxe5 14. fxe5 Qb6 15. Qe2 a6 16. a3 Rac8 17. Nxe4 fxe4 18. Bb1 Rxf1+ 19. Qxf1 Rf8 20. Qe2 Bb5 21. Qd2 Qd8 22. Bc2 a5 23. h3 Qg5 24. Re1 b6 25. Bd1 h5 26. Be2 Bxe2 27. Qxe2 Rf3 28. Kh1 Rg3 29. Qf2 h4 30. Re2 a4 31. Qe1 Qe7 32. Qc3 Qb7 33. Qb4 Qa6 34. Qd2 $11 Qd3 35. Qxd3 exd3 36. Re1 d2 37. Rd1 Rxe3 38. Rxd2 Kf7 39. Kg1 Kg6 40. Kf2 Rb3 41. Ke2 Kf5 42. Kd1 Ke4 43. Kc2 Rg3 44. Kd1 Rd3 45. Ke2 Rxd2+ 46. Kxd2 Kxd4 47. Kc2 Kxe5 48. Kd3 b5 49. Ke3 d4+ 50. Kf3 Kf5 51. Ke2 Ke4 52. Kd2 Kd5 53. Kd3 e5 54. Ke2 e4 55. Kd2 Kc4 56. Kc2 e3 57. Kd1 d3 58. b3+ axb3 59. a4 b2 0-1

[Event "74.Camp. Veneto Quarti di Finale"]
[Site "Correzzola (PD)"]
[Date "2014.05.10"]
[Round "4.19"]
[White "Aprile, Massimo"]
[Black "Ronzani, Andrea"]
[Result "1/2-1/2"]
[WhiteElo "1618"]
[BlackElo "1537"]
[Annotator "Gabriele Ballarin"]
[PlyCount "57"]
[EventDate "2014.05.09"]
[EventType "swiss"]
[EventRounds "5"]
[EventCountry "ITA"]

1. Nf3 Nf6 2. c4 c5 3. b3 d6 4. Bb2 Nc6 5. g3 e5 6. d3 g6 7. Bg2 Bg7 8. O-O O-O 9. e3 Re8 10. Nc3 Rb8 11. a3 a6 12. Qc2 Bg4 13. Rfd1 Qc7 14. Rd2 b5 15. cxb5 axb5 16. Ng5 h6 17. Nge4 Be6 18. Nxf6+ Bxf6 19. Nd5 Bxd5 20. Bxd5 Ne7 21. Bg2 Qb6 22. Rad1 Rec8 23. Qb1 d5 24. Qa1 d4 25. Re1 Nc6 26. e4 Na5 27. Qd1 c4 28. dxc4 bxc4 29. b4 1/2-1/2

[Event "74.Camp. Veneto Quarti di Finale"]
[Site "Correzzola (PD)"]
[Date "2014.05.11"]
[Round "4.20"]
[White "Barbetta, Cosimo"]
[Black "Di Girolamo, Enrico"]
[Result "1-0"]
[WhiteElo "1614"]
[BlackElo "1697"]
[Annotator "Gabriele Ballarin"]
[PlyCount "101"]
[EventDate "2014.05.09"]
[EventType "swiss"]
[EventRounds "5"]
[EventCountry "ITA"]

1. e4 g6 2. Nf3 Bg7 3. c3 d6 4. Be2 e6 5. O-O Nd7 6. d4 Ne7 7. Be3 b6 8. Qc1 Bb7 9. Bd3 O-O 10. Bh6 c5 11. Bxg7 Kxg7 12. h3 Rc8 13. Qe3 Ng8 14. Nbd2 Ndf6 15. c4 d5 16. e5 Ne8 17. b3 cxd4 18. Nxd4 Nc7 19. Rac1 Na6 20. Nb5 Nc5 21. Nd6 Rc7 22. Bb1 Ba8 23. b4 Nb7 24. Nb5 Rd7 25. Nxa7 d4 26. Qe1 Nd6 27. Nb5 Qg5 28. f3 Nf5 29. Bxf5 gxf5 30. Nd6 Ne7 31. Qf2 Qe3 32. Qxe3 dxe3 33. Nb3 Nc6 34. f4 Nxb4 35. Rc3 e2 36. Re1 Nxa2 37. Re3 Nb4 38. R1xe2 Na6 39. Rd2 Rfd8 40. Red3 Kh8 41. Rg3 Be4 42. Kh2 Nc5 43. Nxc5 bxc5 44. Rb3 f6 45. Rb5 fxe5 46. fxe5 Ba8 47. Rxc5 Kg7 48. Re2 Rxd6 49. exd6 Rxd6 50. Ra5 Be4 51. Ra7+ {nur} 1-0

[Event "74.Camp. Veneto Quarti di Finale"]
[Site "Correzzola (PD)"]
[Date "2014.05.11"]
[Round "5.2"]
[White "Basso, Pier Luigi"]
[Black "Valsecchi, Alessio"]
[Result "1-0"]
[WhiteElo "2316"]
[BlackElo "2404"]
[Annotator "Gabriele Ballarin"]
[PlyCount "73"]
[EventDate "2014.05.09"]
[EventType "swiss"]
[EventRounds "5"]
[EventCountry "ITA"]

1. d4 Nf6 2. Bg5 c5 3. d5 Ne4 4. Bc1 g6 5. g3 Bg7 $11 6. Bg2 Nd6 7. e4 Qb6 8. c3 O-O 9. Ne2 e5 10. dxe6 dxe6 11. O-O Rd8 12. Qc2 Nc6 13. Na3 Ne5 14. Kh1 Ndc4 15. Nxc4 Nxc4 16. b3 Nd6 17. Bg5 f6 18. Be3 Qc7 19. e5 fxe5 20. Bg5 Rf8 21. Rad1 a5 22. g4 Nf7 23. Be3 Bd7 24. Bxc5 Qxc5 25. Rxd7 Nh6 26. Qe4 Rab8 27. b4 axb4 28. cxb4 Qb5 29. Rfd1 Rxf2 30. Nc3 Qc6 31. Rxg7+ Kh8 32. Qxc6 bxc6 33. Rdd7 Nxg4 34. Rxh7+ Kg8 35. h3 Ne3 36. Ne4 Rf5 37. Nc5 1-0

[Event "74.Camp. Veneto Quarti di Finale"]
[Site "Correzzola (PD)"]
[Date "2014.05.11"]
[Round "5.3"]
[White "Bonafede, Alessandro"]
[Black "Xia, Jie"]
[Result "1-0"]
[WhiteElo "2375"]
[BlackElo "2303"]
[Annotator "Gabriele Ballarin"]
[PlyCount "53"]
[EventDate "2014.05.09"]
[EventType "swiss"]
[EventRounds "5"]
[EventCountry "ITA"]

1. e4 Nf6 2. Nc3 d5 3. exd5 Nxd5 4. g3 g6 5. Bg2 Nb6 6. d3 Bg7 7. Bf4 e5 8. Be3 O-O 9. Qd2 Nc6 10. Bh6 Nd4 11. Bxg7 Kxg7 12. O-O-O c5 13. f4 exf4 14. Qxf4 Qe7 15. Nf3 Nxf3 16. Bxf3 Be6 17. h4 Rad8 18. Rdg1 Rd4 19. Qe5+ Kg8 20. h5 Nd7 21. Qe3 g5 22. h6 Re8 23. Nb5 Rb4 24. Nc7 Rc8 25. Nd5 Qd8 26. Nxb4 cxb4 27. Rh5 1-0

[Event "74.Camp. Veneto Quarti di Finale"]
[Site "Correzzola (PD)"]
[Date "2014.05.11"]
[Round "5.4"]
[White "Negro, Roberto"]
[Black "Guerra, Alessandro"]
[Result "1/2-1/2"]
[WhiteElo "2155"]
[BlackElo "2214"]
[Annotator "Gabriele Ballarin"]
[PlyCount "29"]
[EventDate "2014.05.09"]
[EventType "swiss"]
[EventRounds "5"]
[EventCountry "ITA"]

1. c4 d6 2. Nc3 Nf6 3. g3 e5 4. Bg2 Be7 5. Nf3 Nc6 6. d3 O-O 7. O-O Be6 8. a3 Qc8 9. Ng5 Bd7 10. Nd5 h6 11. Ne4 Nxd5 12. cxd5 Nb8 13. f4 exf4 14. gxf4 Bh3 15. Bxh3 $11 1/2-1/2

[Event "74.Camp. Veneto Quarti di Finale"]
[Site "Correzzola (PD)"]
[Date "2014.05.11"]
[Round "5.5"]
[White "Rigo, Gianfrancesco"]
[Black "De Bortoli, Peter"]
[Result "0-1"]
[WhiteElo "1991"]
[BlackElo "2183"]
[Annotator "Gabriele Ballarin"]
[PlyCount "66"]
[EventDate "2014.05.09"]
[EventType "swiss"]
[EventRounds "5"]
[EventCountry "ITA"]

1. e4 c5 2. Nc3 Nc6 3. f4 g6 4. Nf3 Bg7 5. Bb5 e6 6. O-O Nge7 7. e5 d6 8. Ne4 dxe5 9. fxe5 O-O 10. Nf6+ Kh8 11. Qe1 Nd4 12. Nxd4 Qxd4+ 13. Kh1 Bxf6 14. Rxf6 a6 15. c3 Qd5 16. Bf1 b5 17. d4 Ng8 18. Qf2 Ra7 19. Bg5 Kg7 20. Be2 cxd4 21. cxd4 Rd7 22. Be3 Bb7 23. Bf3 Qc4 24. b3 Qb4 25. Bxb7 Rxb7 26. Rc1 Rd7 27. Rf4 Qa5 28. Rc6 Ne7 29. Rh4 Nxc6 30. Bh6+ Kg8 31. g3 Qd8 32. Be3 f5 33. Qf4 g5 0-1

[Event "74.Camp. Veneto Quarti di Finale"]
[Site "Correzzola (PD)"]
[Date "2014.05.11"]
[Round "5.6"]
[White "Zamengo, Fulvio"]
[Black "Giuriato, Sergio"]
[Result "1-0"]
[WhiteElo "2158"]
[BlackElo "1946"]
[Annotator "Gabriele Ballarin"]
[PlyCount "111"]
[EventDate "2014.05.09"]
[EventType "swiss"]
[EventRounds "5"]
[EventCountry "ITA"]

1. e4 e5 2. Nf3 Nc6 3. Bb5 Nf6 4. O-O Nxe4 5. d4 Nd6 6. Bxc6 dxc6 7. dxe5 Nf5 8. Qxd8+ Kxd8 9. Nc3 Ke8 10. h3 h6 11. Ne2 c5 12. Nf4 Ne7 13. b3 Bf5 14. Bb2 b6 15. c4 Kd7 16. Rad1+ Kc6 17. e6 f6 18. Rfe1 a5 19. g4 Bh7 20. Rd7 Ng6 21. Nh5 Bg8 22. Rd2 Re8 23. Rde2 Kd6 24. Nd2 Rxe6 25. Rxe6+ Bxe6 26. Ne4+ Kc6 27. Nexf6 Bf7 28. Ne4 Nh4 29. Re3 Bxh5 30. gxh5 Nf5 31. Rf3 Nd4 32. Rf7 Rg8 33. Kf1 Bd6 34. Bxd4 cxd4 35. Ke2 b5 36. Kd3 bxc4+ 37. Kxc4 Re8 38. Kxd4 Re5 39. Nxd6 cxd6 40. Rxg7 Rxh5 41. Rg3 Rh4+ 42. Ke3 Kd5 43. f4 Ke6 44. Rf3 Kd5 45. a3 Rh5 46. f5 Rh4 47. f6 Re4+ 48. Kd3 Re8 49. f7 Rf8 50. b4 axb4 51. axb4 Kc6 52. Kc4 d5+ 53. Kd4 Kd6 54. b5 h5 55. h4 Ke6 56. b6 1-0

[Event "74.Camp. Veneto Quarti di Finale"]
[Site "Correzzola (PD)"]
[Date "2014.05.11"]
[Round "5.7"]
[White "Zamengo, Bruno"]
[Black "Cardarelli, Angelo"]
[Result "0-1"]
[WhiteElo "1949"]
[BlackElo "2030"]
[Annotator "Gabriele Ballarin"]
[PlyCount "88"]
[EventDate "2014.05.09"]
[EventType "swiss"]
[EventRounds "5"]
[EventCountry "ITA"]

1. e4 e6 2. d4 d5 3. e5 c5 4. c3 Nc6 5. Nf3 Bd7 6. Bd3 cxd4 7. cxd4 Qb6 8. O-O Nxd4 9. Nbd2 Ne7 10. Nxd4 Qxd4 11. Nf3 Qa4 12. b3 Qa5 13. Bd2 Qd8 14. Ng5 g6 15. Qf3 Nf5 16. g4 Nh6 17. Nh3 Qh4 18. Be2 Be7 19. Qg2 f5 20. g5 Ng4 21. Be1 Bc5 22. Kh1 Qh5 23. b4 Bb6 24. Bd2 Rc8 25. Rac1 Kf7 26. f3 Ne3 27. Qg3 h6 28. Rfe1 hxg5 29. Nxg5+ Ke7 30. Rxc8 Bxc8 31. a4 Nc2 32. f4 Qh4 33. Qxh4 Rxh4 34. Rc1 Nd4 35. Rxc8 Nxe2 36. a5 Rg4 37. h3 (37. Nh3 $5) 37... Rg1+ 38. Kh2 Bf2 39. h4 Ng3 40. Rc3 Nf1+ 41. Kh3 Nxd2 42. Rc2 Rg3+ 43. Kh2 Nf1+ 44. Kh1 Rg1# 0-1

[Event "74.Camp. Veneto Quarti di Finale"]
[Site "Correzzola (PD)"]
[Date "2014.05.11"]
[Round "5.8"]
[White "Rostolis, Riccardo"]
[Black "Desideri, Leonardo"]
[Result "1/2-1/2"]
[WhiteElo "1872"]
[BlackElo "1671"]
[Annotator "Gabriele Ballarin"]
[PlyCount "83"]
[EventDate "2014.05.09"]
[EventType "swiss"]
[EventRounds "5"]
[EventCountry "ITA"]

1. e4 c5 2. Nf3 d6 3. d4 cxd4 4. Nxd4 Nf6 5. Nc3 g6 6. Be3 a6 7. f3 b5 8. Qd2 Bb7 9. O-O-O Nbd7 10. g4 Ne5 11. Qf2 Bg7 12. Nb3 h5 13. g5 Nfd7 14. Bd4 O-O 15. h3 e6 16. f4 b4 17. Ne2 Bxe4 18. Rg1 Rc8 19. c3 Nd3+ 20. Rxd3 Bxd3 21. Bxg7 Kxg7 22. Qd4+ e5 23. Qxd3 bxc3 24. Nxc3 Nc5 25. Nxc5 Rxc5 26. Kb1 exf4 27. Qd4+ Kg8 28. Ne4 Re5 29. Nf6+ Kg7 30. Bc4 Qe7 31. Rd1 Rd8 32. Qxf4 Re1 33. Qd4 Rxd1+ 34. Qxd1 Qe5 35. Qd2 a5 36. Qf2 d5 37. Nxd5 Rxd5 38. Qf6+ Kf8 39. Bxd5 Qxd5 40. Qf4 Qd1+ 41. Qc1 Qd3+ 42. Qc2 1/2-1/2

[Event "74.Camp. Veneto Quarti di Finale"]
[Site "Correzzola (PD)"]
[Date "2014.05.11"]
[Round "5.9"]
[White "Bergamasco, Tommaso"]
[Black "Lodici, Lorenzo"]
[Result "1-0"]
[WhiteElo "1777"]
[BlackElo "2134"]
[Annotator "Gabriele Ballarin"]
[PlyCount "107"]
[EventDate "2014.05.09"]
[EventType "swiss"]
[EventRounds "5"]
[EventCountry "ITA"]

1. e4 c5 2. b4 cxb4 3. a3 b3 4. cxb3 d5 5. exd5 Nf6 6. Nc3 Nxd5 7. Bb2 Nc6 8. h3 e6 9. Nf3 Nf6 10. d4 Be7 11. Be2 O-O 12. O-O b6 13. Qd2 Bb7 14. Rfd1 Na5 15. Qc2 Rc8 16. b4 Nc4 17. Ne5 Nxb2 18. Qxb2 Ne8 19. Bf3 Bxf3 20. Nxf3 Nd6 21. Rac1 Qd7 22. Qe2 Bf6 23. Ne5 Qb7 24. b5 Rc7 25. a4 Rfc8 26. Nc6 Nf5 27. Ne4 Rxc6 28. bxc6 Rxc6 29. Rxc6 Qxc6 30. Nxf6+ gxf6 31. Qg4+ Kf8 32. d5 Qc5 33. dxe6 fxe6 34. Qh5 Qe7 35. Qf3 Kg7 36. Qc6 Kg6 37. Qd7 Qxd7 38. Rxd7 a5 39. Rb7 Nd4 40. Rxb6 Ne2+ 41. Kh2 Nc3 42. Rxe6 Nxa4 43. Ra6 Nc5 44. Rxa5 Ne4 45. f3 Nd6 46. g4 Nc4 47. Ra6 Ne5 48. Kg3 Nf7 49. h4 Kg7 50. f4 h6 51. Kf3 Nh8 52. h5 f5 53. gxf5 Nf7 54. Ke4 1-0

[Event "74.Camp. Veneto Quarti di Finale"]
[Site "Correzzola (PD)"]
[Date "2014.05.11"]
[Round "5.10"]
[White "Tencheni, Maurizio"]
[Black "Pegoraro, Nicola"]
[Result "1/2-1/2"]
[WhiteElo "1700"]
[BlackElo "1999"]
[Annotator "Gabriele Ballarin"]
[PlyCount "91"]
[EventDate "2014.05.09"]
[EventType "swiss"]
[EventRounds "5"]
[EventCountry "ITA"]

1. b3 d6 2. Bb2 e5 3. e3 Nc6 4. Be2 g6 5. f4 Bg7 6. Nf3 Nge7 7. fxe5 dxe5 8. O-O O-O 9. Na3 e4 10. Bxg7 Kxg7 11. Ne1 Be6 12. c4 Ne5 13. Nb5 c5 14. Nc3 f5 15. d3 exd3 16. Nxd3 Nxd3 17. Qxd3 Qxd3 18. Bxd3 Rad8 19. Rad1 Rd7 20. Be2 Rfd8 21. Rxd7 Rxd7 22. Rd1 Rxd1+ 23. Bxd1 b6 24. Bf3 Kf6 25. Kf2 Ke5 26. g3 h6 27. h3 g5 28. g4 f4 29. Ke2 Ng6 30. Be4 Bf7 31. Bxg6 Bxg6 32. a3 h5 33. b4 hxg4 34. hxg4 Bf7 35. bxc5 Bxc4+ 36. Kf2 bxc5 37. Na4 fxe3+ 38. Kxe3 Kd5 39. Nc3+ Kc6 40. Ne4 Be6 41. Nxg5 Bxg4 42. Kd3 Kb5 43. Kc3 Ka4 44. Kc4 Kxa3 45. Kxc5 a5 46. Ne4 1/2-1/2

[Event "74.Camp. Veneto Quarti di Finale"]
[Site "Correzzola (PD)"]
[Date "2014.05.11"]
[Round "5.11"]
[White "Desideri, Alessandro"]
[Black "Mancin, Michele"]
[Result "1/2-1/2"]
[WhiteElo "1821"]
[BlackElo "1762"]
[Annotator "Gabriele Ballarin"]
[PlyCount "61"]
[EventDate "2014.05.09"]
[EventType "swiss"]
[EventRounds "5"]
[EventCountry "ITA"]

1. e4 c5 2. Nf3 d6 3. d3 e6 4. g3 Nf6 5. Bg2 Be7 6. O-O Nc6 7. Re1 Qc7 8. Nbd2 O-O 9. c3 Rb8 10. Nf1 b5 11. h4 a5 12. N1h2 e5 13. Bg5 h6 14. Bxf6 Bxf6 15. Nd2 Be7 16. Ndf1 f5 17. exf5 Bxf5 18. Bd5+ Kh8 19. Ne3 Bh7 20. Be4 Bd8 21. Qe2 Ne7 22. Nhf1 Ng8 23. Nd5 Qf7 24. Nfe3 Bxe4 25. dxe4 Nf6 26. Nxf6 Qxf6 27. b3 Qg6 28. Qg4 Qf7 29. Qe2 Qg6 30. Qg4 Qf7 31. Qe2 1/2-1/2

[Event "74.Camp. Veneto Quarti di Finale"]
[Site "Correzzola (PD)"]
[Date "2014.05.11"]
[Round "5.12"]
[White "Minei, Giovanni"]
[Black "Quaranta, Gaetano"]
[Result "1-0"]
[WhiteElo "1546"]
[BlackElo "1818"]
[Annotator "Gabriele Ballarin"]
[PlyCount "51"]
[EventDate "2014.05.09"]
[EventType "swiss"]
[EventRounds "5"]
[EventCountry "ITA"]

1. d4 Nf6 2. Nf3 g6 3. e3 Bg7 4. Bd3 b6 5. Nbd2 Bb7 6. O-O O-O 7. Re1 d6 8. c3 Nbd7 9. e4 c5 10. e5 dxe5 11. dxe5 Ng4 12. e6 fxe6 13. Rxe6 Qc7 14. Rxe7 Qd6 15. Bc4+ Kh8 16. Qe2 Bxf3 17. Nxf3 Rxf3 18. Qxf3 Rf8 19. Qxg4 Qxe7 20. Be3 Ne5 21. Qe6 Qh4 22. Bd5 Ng4 23. h3 Nxf2 24. Rf1 Nd3 25. Rxf8+ Bxf8 26. Qg8# 1-0

[Event "74.Camp. Veneto Quarti di Finale"]
[Site "Correzzola (PD)"]
[Date "2014.05.11"]
[Round "5.13"]
[White "Levin, Nikolai"]
[Black "Rossi, Gianni"]
[Result "1-0"]
[WhiteElo "1464"]
[BlackElo "1806"]
[Annotator "Gabriele Ballarin"]
[PlyCount "117"]
[EventDate "2014.05.09"]
[EventType "swiss"]
[EventRounds "5"]
[EventCountry "ITA"]

1. d4 e5 2. dxe5 d6 3. Nf3 Bg4 4. Nc3 Nc6 5. h3 Bxf3 6. exf3 dxe5 7. Bd3 Bb4 8. O-O Nf6 9. f4 O-O 10. Qf3 Rb8 11. Rd1 Qe7 12. Ne4 Nxe4 13. Qxe4 f5 14. Qc4+ Kh8 15. a3 Bd6 16. b4 e4 17. Re1 Qf6 18. Bd2 exd3 19. Bc3 Qh6 20. Qxd3 Qxf4 21. g3 Qg5 22. Qd5 Rbd8 23. Qf3 f4 24. Qe2 fxg3 25. f3 Qf5 26. Kg2 h6 27. Qe3 Rde8 28. Qxh6+ Qh7 29. Bxg7+ Kg8 30. Bxf8 Rxf8 31. Qg5+ Kh8 32. Re4 Be7 33. Qe3 Ne5 34. Rxe5 Qxc2+ 35. Qe2 Qxe2+ 36. Rxe2 Bd6 37. Rae1 Kg7 38. Re8 Rf7 39. Ra8 a6 40. Ra7 c6 41. Rd1 Be5 42. Ra8 Bb2 43. a4 Bc3 44. Rb1 Be5 45. b5 cxb5 46. axb5 Rd7 47. h4 Rd2+ 48. Kh3 Rh2+ 49. Kg4 g2 50. bxa6 bxa6 51. Rb7+ Kg6 52. Rxa6+ Bf6 53. Rb1 Rh1 54. h5+ Rxh5 55. Rg1 Rg5+ 56. Kf4 Kg7 57. Ra2 Kg6 58. Raxg2 Be5+ 59. Ke4 1-0

[Event "74.Camp. Veneto Quarti di Finale"]
[Site "Correzzola (PD)"]
[Date "2014.05.11"]
[Round "5.14"]
[White "Scarsella, Lorenzo Luigi"]
[Black "Zanirato, Stefano"]
[Result "0-1"]
[WhiteElo "1602"]
[BlackElo "1713"]
[Annotator "Gabriele Ballarin"]
[PlyCount "134"]
[EventDate "2014.05.09"]
[EventType "swiss"]
[EventRounds "5"]
[EventCountry "ITA"]

1. d4 Nf6 2. Nf3 e6 3. e3 c5 4. Bd3 d5 5. b3 Nc6 6. O-O Bd6 7. Bb2 cxd4 8. exd4 O-O 9. a3 Ne4 10. Nbd2 f5 11. Ne5 Nxe5 12. dxe5 Be7 13. Qe2 Bd7 14. c4 Nxd2 15. Qxd2 Bc6 16. Rad1 Qb6 17. b4 dxc4 18. Bxc4 Ba4 19. Rc1 Rad8 20. Qe2 a6 21. Rc3 Bb5 22. Bxb5 axb5 23. Rd1 f4 24. Rcd3 Rxd3 25. Rxd3 Qc6 26. h3 Qc4 27. Qd1 Bh4 28. Rd7 f3 29. Qd3 Qxd3 30. Rxd3 fxg2 31. Rd2 Bg5 32. Rc2 Bd8 33. Kxg2 Bb6 34. Rd2 g6 35. Kg3 Kg7 36. Rd7+ Rf7 37. Rxf7+ Kxf7 38. f4 Be3 39. Kf3 Bd2 40. Kg4 h6 41. h4 Kg7 42. Kg3 h5 43. Bd4 Bc1 44. Bc3 Bxa3 45. Be1 Bc1 46. Kf3 Kf7 47. Ke4 Ke7 48. Kd4 Bxf4 49. Kc5 Bxe5 50. Kxb5 Bc7 51. Kc5 Kd7 52. Bf2 Bd6+ 53. Kb5 e5 54. Bg1 e4 55. Bf2 Bf4 56. Kb6 Kc8 57. Kc5 e3 58. Be1 Bh2 59. Kd5 Bg1 60. Ke6 Bf2 61. Bc3 e2 62. Kf6 e1=Q (62... Bd4+ $1) 63. Bxe1 Bxe1 64. Kxg6 Bxh4 65. Kxh5 Be1 66. b5 Kc7 67. Kg4 Kb6 0-1

[Event "74.Camp. Veneto Quarti di Finale"]
[Site "Correzzola (PD)"]
[Date "2014.05.11"]
[Round "5.15"]
[White "Belloni, Umberto"]
[Black "Penzo, Amleto"]
[Result "1/2-1/2"]
[WhiteElo "1757"]
[BlackElo "1774"]
[Annotator "Gabriele Ballarin"]
[PlyCount "66"]
[EventDate "2014.05.09"]
[EventType "swiss"]
[EventRounds "5"]
[EventCountry "ITA"]

1. d4 Nf6 2. Bg5 Ne4 3. Bf4 c5 4. d5 d6 5. f3 Nf6 6. e4 g6 7. Qd2 Qb6 8. c4 Bg7 9. Nc3 a6 10. Bd3 Nbd7 11. Nge2 Nh5 12. Be3 Ne5 13. Rb1 f5 14. O-O O-O 15. b4 Qc7 16. bxc5 dxc5 17. Na4 Nxd3 18. Qxd3 fxe4 19. fxe4 Rxf1+ 20. Rxf1 b6 21. Nac3 Bg4 22. Bf2 Bxe2 23. Nxe2 Rf8 24. Bg3 Rxf1+ 25. Kxf1 Nxg3+ 26. hxg3 Qe5 27. a3 Bh6 28. Kf2 Qa1 29. Nf4 Qf6 30. Ke3 Qb2 31. Kf3 Qf6 32. Ke3 Qb2 33. Kf3 Qf6 1/2-1/2

[Event "74.Camp. Veneto Quarti di Finale"]
[Site "Correzzola (PD)"]
[Date "2014.05.11"]
[Round "5.16"]
[White "Marchetti, Daniele"]
[Black "Marangoni, Simone"]
[Result "0-1"]
[WhiteElo "1668"]
[BlackElo "1898"]
[Annotator "Gabriele Ballarin"]
[PlyCount "64"]
[EventDate "2014.05.09"]
[EventType "swiss"]
[EventRounds "5"]
[EventCountry "ITA"]

1. d4 g6 2. c4 Bg7 3. Nc3 d5 4. cxd5 Nf6 5. e4 O-O 6. f3 c6 7. dxc6 Nxc6 8. Be3 e6 9. Qd2 a6 10. h4 b5 11. g4 h5 12. gxh5 Nxh5 13. Nge2 Bb7 14. O-O-O Na5 15. b3 Rc8 16. Kb1 Qe7 17. Nf4 Ng3 18. Rh3 Nxf1 19. Rxf1 e5 20. Nfd5 Qe6 21. Rg3 b4 22. Na4 Bxd5 23. exd5 Qf5+ 24. Ka1 exd4 25. Bxd4 Qxd5 26. Rd1 Rb8 27. Bxg7 Nxb3+ 28. axb3 Qxb3 29. Qb2 Qxa4+ 30. Kb1 Qxd1+ 31. Ka2 Rfd8 32. h5 b3+ {nur} 0-1

[Event "74.Camp. Veneto Quarti di Finale"]
[Site "Correzzola (PD)"]
[Date "2014.05.11"]
[Round "5.17"]
[White "Aprile, Massimo"]
[Black "Scarsella, Federico Armando"]
[Result "0-1"]
[WhiteElo "1618"]
[BlackElo "1718"]
[Annotator "Gabriele Ballarin"]
[PlyCount "62"]
[EventDate "2014.05.09"]
[EventType "swiss"]
[EventRounds "5"]
[EventCountry "ITA"]

1. e4 e6 2. d4 d5 3. exd5 exd5 4. Nf3 Bg4 5. Be2 Bd6 6. O-O Nf6 7. Bg5 O-O 8. Nbd2 Nbd7 9. Re1 c6 10. h3 Bh5 11. Nh4 Bg6 12. Nxg6 fxg6 13. Bd3 Qc7 14. c3 Nh5 15. Be7 Bh2+ 16. Kh1 Rxf2 17. Nf3 Qg3 18. Bf1 Nf4 19. Nh4 Nxh3 20. Qd3 Rxf1+ 21. Qxf1 Nf2+ 22. Qxf2 Qxf2 23. Kxh2 Nf6 24. Bxf6 Qxf6 25. Nf3 Rf8 26. Re5 Qd6 27. Kh3 Qd7+ 28. Kh2 Re8 29. Rf1 Rxe5 30. Nxe5 Qe7 31. Rf7 Qxe5+ 0-1

[Event "74.Camp. Veneto Quarti di Finale"]
[Site "Correzzola (PD)"]
[Date "2014.05.11"]
[Round "5.19"]
[White "Ronzani, Andrea"]
[Black "Benetti, Lorenzo"]
[Result "1/2-1/2"]
[WhiteElo "1537"]
[BlackElo "1686"]
[Annotator "Gabriele Ballarin"]
[PlyCount "32"]
[EventDate "2014.05.09"]
[EventType "swiss"]
[EventRounds "5"]
[EventCountry "ITA"]

1. d4 f5 2. Nf3 Nf6 3. e3 d5 4. b3 e6 5. Bb2 Bd6 6. Bd3 O-O 7. O-O Nbd7 8. Nbd2 Ne4 9. Ne5 Qg5 10. f4 Qh6 11. Rf3 Qh5 12. Rh3 Qxd1+ 13. Rxd1 Rf6 14. a3 Be7 15. c4 c6 16. Ndf3 Rf8 1/2-1/2

[Event "17. Op C"]
[Site "Padova"]
[Date "2014.12.21"]
[Round "6.11"]
[White "Vianello, Jimmy"]
[Black "Bettella, Michele"]
[Result "0-1"]
[WhiteElo "1431"]
[BlackElo "1714"]
[Annotator "Gabriele Ballarin"]
[PlyCount "138"]
[EventDate "2014.12.13"]
[EventType "swiss"]
[EventRounds "6"]
[EventCountry "ITA"]

1. c4 e5 2. Nc3 Nf6 3. g3 Bc5 4. Bg2 d6 5. d3 Nc6 6. Nf3 Be6 7. O-O h6 8. a3 a5 9. Nd2 Qd7 10. Nd5 Bxd5 11. cxd5 Ne7 12. Qb3 Rb8 13. Nb1 a4 14. Qa2 O-O 15. Nc3 Bd4 16. e3 Bxc3 17. bxc3 c6 18. e4 cxd5 19. exd5 b5 20. Bd2 Rfc8 21. Rfc1 Qf5 22. Qc2 Nexd5 23. c4 bxc4 24. dxc4 Qxc2 25. Rxc2 Nb6 26. Rb1 Nfd7 27. Be3 Nc5 28. Rd1 Rd8 29. f4 Ne6 30. fxe5 dxe5 31. Rxd8+ Nxd8 32. c5 Rc8 33. c6 Na8 34. Bh3 Rc7 35. Bg2 Ne6 36. Rb2 Rc8 37. Ba7 Kf8 38. Rb4 Nd8 39. Rc4 Ke7 40. Bc5+ Ke6 41. Bb4 (41. Rxa4 Nxc6 42. Ra6 Kd7 43. a4 (43. Bh3+ Kc7 44. Bxc8)) 41... Nb6 42. Bh3+ f5 43. Rc1 Rxc6 44. Rf1 g6 45. Bg2 Rc4 46. Ba5 Nd5 47. Bxd5+ Kxd5 48. Bxd8 e4 49. Ba5 Rd4 50. Kf2 Rd3 51. Bb4 e3+ 52. Ke2 Rb3 53. Rd1+ Ke4 54. Ke1 Kf3 55. Rc1 Rb2 56. Kd1 Rxh2 57. Be1 g5 58. Rc4 f4 59. gxf4 gxf4 60. Rxa4 Rh5 61. Rd4 Rb5 62. Kc2 Ke2 63. Bb4 f3 64. Rh4 f2 65. Rh2 Kf3 66. Rxh6 e2 67. Rf6+ Kg2 68. Rxf2+ Kxf2 69. Kd3 Rxb4 0-1